000 01865nam0a2200385 4500
001 RU\NLR\bibl\104728
005 20250617085050.0
021 _aRU
_b2000-13764
_9668
035 _a(NLR Aleph) 000102468
090 _a579087
_c579087
100 _a20000822d1999 |||y0rusy50 ca
101 0 _arus
102 _aRU
105 _aa |||||||||
200 1 _aРусская романтическая поэзия и проза ХIХ века
_eУчеб. пособие - хрестоматия для 10 кл.
_fТ. Д. Бекишева, С. А. Катюргина
210 _aКострома
_cБ.и.
_d1999
215 _a232 с.
_cил., портр., нот.
_d20
320 _aБиблиогр. в примеч. в конце разделов и в подстроч. примеч.
606 0 _aПоэзия русская
_jХрестоматии для средней школы
_z19 в.
_91081535
_3RU\NLR\auth\66103964
606 0 _aПроза русская
_jХрестоматии для средней школы
_z19 в.
_91555702
_3RU\NLR\auth\66679896
606 0 _aРомантизм
_jХрестоматии для средней школы
_xв литературе
_yРоссия
_z19 в.
_91526470
_3RU\NLR\auth\66965723
606 0 _aПоэзия русская
_xИзучение в школе
_92037439
_3RU\NLR\auth\66939049
686 _aШ5(2=Р)51-335
686 _aШ5(2=Р)51-334
686 _aШ5(2=Р)51-324
686 _aЧ426.21,6(2)315
700 1 _aБекишева
_bТ. Д.
_gТатьяна Дмитриевна
_4070
701 1 _aКатюргина
_bС. А.
_gСветлана Александровна
_4070
801 0 _aRU
_bNLR
_c20000822
_gPSBO
801 1 _aRU
_bNLR
_c20000822
830 _aАвт. раскрыты по кн.
852 _aNLR
_j2000-3/7962
942 _cBOOK
980 _aNB